| 000 | 00531nam a22002055i 4500 | ||
|---|---|---|---|
| 001 | 17884173 | ||
| 005 | 20170105102922.0 | ||
| 008 | 130912s2014 nyu 000 0 eng | ||
| 010 | _a 2013950323 | ||
| 020 | _a9780500290385 (paper) | ||
| 040 |
_aDLC _beng _erda _cDLC |
||
| 042 | _apcc | ||
| 100 | 1 | _aStone, Norman. | |
| 245 | 1 | 0 |
_aTurkey : _ba short history / _cNorman Stone. |
| 263 | _a1404 | ||
| 300 |
_a192 p: _b22cm |
||
| 906 |
_a0 _bibc _corignew _d2 _eepcn _f20 _gy-gencatlg |
||
| 942 |
_2ddc _cBK |
||
| 999 |
_c15612 _d15612 |
||